| 000 | 00422nam a2200157 i 4500 | ||
|---|---|---|---|
| 001 | 149911 | ||
| 003 | ES-MaACL | ||
| 007 | t| | ||
| 008 | 071025s1970 xxk ||||1| eng d | ||
| 100 | 1 |
_aVallance, Tom. _9112740 |
|
| 245 | 1 | 4 |
_aThe american musical / _cby Tom Vallance. |
| 250 | _a[1st ed.]. | ||
| 260 |
_aLondon : _bA. Zwemmer, _c[1970] |
||
| 300 |
_a192 p. : _bil. ; _c20 cm. |
||
| 852 |
_aES-MaACL _jE-5675 _bR.89883 |
||
| 999 |
_c149911 _d149911 |
||